The seven pillars of partnering (Record no. 96988)
[ view plain ]
| 000 -LEADER | |
|---|---|
| fixed length control field | 00959cam a2200253 4500 |
| 008 - FIXED-LENGTH DATA ELEMENTS--GENERAL INFORMATION | |
| fixed length control field | 090401t1998 xxu||||| |||| 00| 0 eng d |
| 020 ## - INTERNATIONAL STANDARD BOOK NUMBER | |
| International Standard Book Number | 0727726900 |
| 035 ## - SYSTEM CONTROL NUMBER | |
| System control number | (Sirsi) u84895 |
| 041 0# - LANGUAGE CODE | |
| Language code of text/sound track or separate title | eng |
| 050 04 - LIBRARY OF CONGRESS CALL NUMBER | |
| Classification number | 692.8 $2 18 |
| 100 1# - MAIN ENTRY--PERSONAL NAME | |
| Personal name | Bennett, John |
| 245 04 - TITLE STATEMENT | |
| Title | The seven pillars of partnering |
| Remainder of title | a guide to second generation partnering |
| 260 ## - PUBLICATION, DISTRIBUTION, ETC. | |
| Place of publication, distribution, etc. | London |
| Name of publisher, distributor, etc. | Thomas Telford |
| Date of publication, distribution, etc. | 1998 |
| 300 ## - PHYSICAL DESCRIPTION | |
| Extent | ii, 96p. |
| Other physical details | ill. |
| Dimensions | 30cm. |
| 350 ## - PRICE (NR) (BK AM CF MU VM SE) [OBSOLETE] | |
| Price | 50 |
| 520 ## - SUMMARY, ETC. | |
| Summary, etc. | A companion to Trusting the Team (ISBN 0704905035), this report provides a practical guide to best practices in partnering. Describes the seven elements that constitute second generation or strategic partnering, and which can result in cost savings of up to 40%. Includes case studies and checklists. |
| 651 #4 - SUBJECT ADDED ENTRY--GEOGRAPHIC NAME | |
| Geographic name | United Kingdom |
| Chronological subdivision | |
| 690 ## - LOCAL SUBJECT ADDED ENTRY--TOPICAL TERM (OCLC, RLIN) | |
| Topical term or geographic name as entry element | Procurement |
| 9 (RLIN) | 6260 |
| 700 1# - ADDED ENTRY--PERSONAL NAME | |
| Personal name | Jayes, Sarah |
| 710 2# - ADDED ENTRY--CORPORATE NAME | |
| Corporate name or jurisdiction name as entry element | Reading Construction Forum |
| 9 (RLIN) | 3334 |
| 942 ## - ADDED ENTRY ELEMENTS (KOHA) | |
| Suppress in OPAC | 0 |
| 948 ## - LOCAL PROCESSING INFORMATION (OCLC); SERIES PART DESIGNATOR (RLIN) | |
| c (OCLC) | 16/03/1998 |
| Withdrawn status | Lost status | Damaged status | Not for loan | Home library | Current library | Shelving location | Date acquired | Cost, normal purchase price | Total Checkouts | Full call number | Barcode | Date last seen | Date last checked out | Copy number | Cost, replacement price | Price effective from | Koha item type | Source of classification or shelving scheme |
|---|---|---|---|---|---|---|---|---|---|---|---|---|---|---|---|---|---|---|
| Missing | London | London | Missing | 14/09/1999 | 50.00 | 19 | F692.8 BEN | 30056128 | 06/08/2019 | 05/08/2004 | 2 | 50.00 | 06/08/2019 | Book | ||||
| Missing | London | London | Missing | 07/03/2007 | 50.00 | 5 | F692.8 BEN | 30073712 | 06/08/2019 | 24/12/2009 | 4 | 50.00 | 06/08/2019 | Book | ||||
| London | London | Folio | 07/03/2007 | 50.00 | 11 | F692.8 BEN | 30073713 | 06/08/2019 | 29/01/2010 | 5 | 50.00 | 06/08/2019 | Book | Dewey Decimal Classification |